History Quiz

Random History or Year Quiz

'C' in History II Quiz Stats

 Plays Quiz Updated Jun 3, 2016

Also try: 'C' in History
Challenge
Share
Tweet
Embed
Score 0/20 Timer 05:00
3 Plays Today
Question Answer % Correct
Who was Prime Minister of Cuba from 1959-76, and President from 1976-2008?Fidel Castro
88.4%
What name was given to the states that seceded from, and fought against, the Union in the US Civil War?Confederacy
86.3%
In which country did the Boxer Rebellion occur between 1899 and 1901?China
85.3%
Which American general made a famous 'last stand' at the Battle of the Little Bighorn?George Custer
84.2%
Which New York-born Chicago gang leader of the 1920s-30s was known as 'Scarface'?Al Capone
78.3%
The ideas and sayings of which 6th century B.C. Chinese philosopher were collected in the 'Analects'?Confucius
76%
Who was the first, and thus far only, First Lady to be elected to the US Senate?Hillary Clinton
75.9%
Who was British Prime Minister at the outbreak of World War II?Neville Chamberlain
70.7%
Which country was struck by the most powerful earthquake on record on May 22nd, 1960?Chile
67.4%
On which Mediterranean island was Napoleon Bonaparte born on August 15th, 1769?Corsica
64.5%
Question Answer % Correct
Who was the first person to win two Nobel prizes?Marie Curie
63%
By what name was Sri Lanka known until 1972?Ceylon
58.5%
Which Roman Emperor, although baptized on his deathbed, is considered the first Christian Emperor?Constantine I
58.5%
Which Space Shuttle completed the first flight of NASA's program on April 12th, 1981?Columbia
53%
Which British archaeologist discovered the tomb of Tutankhamun in 1922?Howard Carter
44.1%
Which Maya city in modern-day Mexico is dominated by a step-pyramid known as the Temple of Kukulcan?Chichen Itza
32%
Which Peruvian city was the historic capital of the Inca Empire?Cusco
31%
Which Indian Ocean island was discovered by William Mynors on December 25th, 1643?Christmas Island
26.4%
By what name was Oslo, Norway known from 1624-1924 in honor of a king?Christiania
14.7%
Claimed by Cleopatra VII to be the son of Julius Caesar, who was the last Ptolemaic King of Egypt?Caesarion
12.7%

You're not logged in!

Compare scores with friends on all Sporcle quizzes.
Join for Free
OR
Log In

You Might Also Like...

Show Comments

Extras

Top Quizzes Today


Score Distribution

Your Account Isn't Verified!

In order to create a playlist on Sporcle, you need to verify the email address you used during registration. Go to your Sporcle Settings to finish the process.

Report this User

Report this user for behavior that violates our Community Guidelines.

Details: